Statistiques concernant Pays avec un ou plusieurs G

Cliquez ici pour prendre le quiz!

Statistiques générales

  • Ce quiz a été pris 2 869 fois
    (2 829 depuis la dernière actualisation)
  • Le résultat moyen est 31 sur 48

Statistiques - réponses

Nombre de GPays% Correct
GGuinée
89%
GGuatemala
86%
GGuinée équatoriale
84%
GGuinée-Bissau
83%
GGGéorgie
80%
GGrèce
80%
GGabon
79%
GGhana
78%
GGambie
74%
GAlgérie
72%
GAfghanistan
71%
GArgentine
71%
GGuyana
71%
GAngola
70%
GRépublique démocratique du Congo
70%
GRépublique du Congo
70%
GNorvège
69%
GParaguay
69%
GUruguay
69%
GPortugal
68%
GEspagne
66%
GGrenade
66%
GBelgique
65%
GPologne
65%
GAllemagne
64%
GHongrie
64%
GMongolie
64%
GPapouasie-Nouvelle-Guinée
64%
GAntigua-et-Barbuda
61%
GEgypte
61%
GMadagascar
61%
GOuganda
60%
GBulgarie
58%
GCambodge
58%
GNicaragua
58%
GLuxembourg
57%
GTogo
57%
GKirghizistan
54%
GNiger
54%
GSénégal
54%
GBangladesh
53%
GBosnie-Herzégovine
53%
GNigeria
53%
GTonga
51%
GMonténégro
50%
GSingapour
48%
GSaint-Vincent-et-les-Grenadines
46%
GTrinité-et-Tobago
46%

Distribution des résultats

Percentile par nombre de réponses

% des personnes avec chaque résultat

Votre développement - résultats

Vous n’avez pas pris ce quiz depuis la dernière actualisation